Batman: The Dark Knight Rises - Statistics

General Stats
  • This quiz has been taken 30,721 times
    30,670 since last reset
  • The average score is 11 of 19
Answer Stats
Question Answer % Correct
Batman's real name is Bruce _____ Wayne
99%
What is the name of Bruce's butler? Alfred Pennyworth
95%
What is the name of the masked supervillan that intends to destroy Gotham? Bane
90%
What actor plays Batman? Christian Bale
85%
Lucius Fox, who runs Wayne Enterprises, is played by which famous actor and narrator? Morgan Freeman
82%
What is the police commissioner's name? James Gordon
80%
Which actress plays Selina Kyle (Catwoman)? Anne Hathaway
74%
Selina Kyle (Catwoman), steals what piece of jewelry from Bruce that belonged to his mother? Pearls
73%
What is this young officer's real name (revealed when he is getting a checked bag)? Robin
69%
Who directed the movie? Christopher Nolan
68%
And what is the name of the actor who plays him? Tom Hardy
67%
The comissioner promotes the young patrol officer John Blake (played by Joseph Gordon-Levitt) to which position? Detective
49%
Finish the quote spoken at the makeshift courts, "Death or _____" Exile
44%
Which law allowed the police commissioner to eradicate most of the city's organized crime? Dent Act
37%
At the end of the movie, Alfred sees Bruce again in which foreign city? Florence
28%
Which football team's players were used during the football game? PIttsburgh Steelers
27%
What is the name of the prison that many are released from during the "revolution"? Blackgate
26%
What player ran back the kickoff for a touchdown during the game? Hines Ward
18%
The missing Russian nuclear physicist name is Dr. _____ Pavel
12%
No matching quizzes found
Score Distribution
Percent of People with Each Score
Percentile by Number Answered
Your Score History
You have not taken this quiz since the last reset